Регионална библиотека "Любен Каравелов" - Русе

Да измамиш джентълмен (Запис номер 490007)

MARC детайли
000 -Лидер
Контролно поле с фиксирана дължина 01099nam a2200289 a 4500
003 - Код на организацията, давaща контролен номер
Контролно поле BLK
005 - Дата и час на последна редакция
Контролно поле 20250612113133.0
008 - Елементи от данни с фиксирана дължина
fixed length control field 230323b bul|||||r ||||||| ||bul||
010 ## - Наследен системен номер
LC control number KNG00202946000
020 ## - Международен стандартен номер на книга ISBN
Международен стандартен номер на книга ISBN 9789542839453
040 ## - Източник на каталожния запис
Идентификатор на билиотеката - собственик на записа BLK
041 ## - Код за език
Код за езика на текст/звукозапис или на отделно заглавие Български
Код за езика КДБФ Български
080 ## - УДК
Текстов определител УДК Американска литература (на САЩ)
УДК код - определител по УДК 821.111(73)
УДК определител -31
УДК - код + определител 821.111(73)-31
100 ## - Редна дума - Автор
Автор Адамс, Сара
Авторска отговорност първи автор
R(LIN) 486961
139 ## - Редно поле
Редна дума Адамс, Сара
Авторски знак Ад - А 28
245 10 - Сведения за заглавието
Заглавие Да измамиш джентълмен
Редно поле (дума) Сара Адамс; прев. от англ. Рая Делчева
257 ## - Страна на издаване
Страна на създаване/издаване България
260 ## - Област на издателските данни
Място на издаване, разпространение и проч. София
Име на издателя, разпространителя и проч. Сиела Норма
Година на издаване 2022
Печатница ([София] : Алианс принт)
300 ## - Физическа характеристика
Страници 328 с.
Размери/Мащаб 21 см
380 ## - Жанр
Жанр Худож. лит.
500 ## - Общи забележки
Забележка Ориг. загл.: To con a gentleman / Sarah Adams. - За автора: с. 327
700 ## - Други автори (авторска отговорност)
Лично име Делчева, Рая
Автороска отговорност (Описва отношението между автора и произведението) прев. от англ.
9 (RLIN) 1021
856 4# - Електронен адрес и достъп
Електронен формат pdf - файл
Инструкция (цена за достъп) 0.00
Права за достъп disable
856 4# - Електронен адрес и достъп
Електронен формат pdf - файл
Инструкция (цена за достъп) 0.00
Права за достъп disable
999 ## - СИСТЕМНИ КОНТРОЛНИ НОМЕРА
Koha biblionumber 490007
Koha biblioitemnumber 490007
942 ## - АРТИКУЛИ
Вид на библиотечния материал Книги
Скрит в OPAC Не
Koha issues (borrowed), all copies 76
Периодичен библиозапис Да
944 ## - СЪЗДАВАНЕ И РЕДАКЦИЯ на ЗАПИСА
Служител, извършил регистрацията/редакцията 30531
Статус, дата на статуса Цветелина Шанова
Наличности
Код за отписване Код за изгубен артикул Източник на класификационната схема Код за повреда Коз за рестрикции Код за отдаване Артикулен № Име на библиотеката - собственик Име на библиотеката, в която се намира в момента Статус (Текущо местоположение) Дата на вписване в системата Местоположение - отдел Цена в лева Инвентарен номер Систематично азбучна сигнатура Баркод Цена в евро Служебен тип на артикула
  Не е изгубен Universal Decimal Classification Не е повреден без рестрикции заемане за дома 925322 Регионална библиотека "Любен Каравелов" Русе Регионална библиотека "Любен Каравелов" Русе Заемна - подръчен фонд 2023-03-28 Заемна - подръчен фонд 13.51 120000884557 821-31/А 28 С 120000884557 6.91 Книги
  Не е изгубен Universal Decimal Classification Не е повреден без рестрикции заемане за дома 925323 Регионална библиотека "Любен Каравелов" Русе Регионална библиотека "Любен Каравелов" Русе Заемна - подръчен фонд 2023-03-28 Заемна - подръчен фонд 13.51 120000884558 821-31/А 28 С 120000884558 6.91 Книги
Vip Innovations Ltd, Rousse, Bulgaria 2025